:رؤية الرحالة الأوروبيين لمصر (Record no. 12384)
[ view plain ]
| 000 -LEADER | |
|---|---|
| fixed length control field | 01058nam a22001937a 4500 |
| 008 - FIXED-LENGTH DATA ELEMENTS--GENERAL INFORMATION | |
| fixed length control field | 090721t xxu||||| |||| 00| 0 eng d |
| 020 ## - INTERNATIONAL STANDARD BOOK NUMBER | |
| International Standard Book Number | 9770912319 |
| 082 ## - DEWEY DECIMAL CLASSIFICATION NUMBER | |
| Classification number | 910.92 |
| Item number | ذ ه ن |
| 245 ## - TITLE STATEMENT | |
| Title | :رؤية الرحالة الأوروبيين لمصر |
| Remainder of title | /بين النزعة الانسانية والاستعمارية |
| Statement of responsibility, etc | الهام محمد ذهنى |
| 260 ## - | |
| -- | :القاهرة |
| -- | ،دار الشروق |
| -- | 2005 |
| 300 ## - PHYSICAL DESCRIPTION | |
| Extent | 176؛ ص |
| Dimensions | 20 سم |
| 490 ## - SERIES STATEMENT | |
| Series statement | التاريخ- الجانب الآخر- اعادة قراءة للتاريخ المصرى |
| Volume number/sequential designation | ؛6 |
| 650 ## - SUBJECT ADDED ENTRY--TOPICAL TERM | |
| 9 (RLIN) | 8089 |
| Topical term or geographic name as entry element | الرحالة |
| 650 ## - SUBJECT ADDED ENTRY--TOPICAL TERM | |
| 9 (RLIN) | 8090 |
| Topical term or geographic name as entry element | الرحلات |
| 650 ## - SUBJECT ADDED ENTRY--TOPICAL TERM | |
| 9 (RLIN) | 8091 |
| Topical term or geographic name as entry element | المستكشفون |
| 942 ## - ADDED ENTRY ELEMENTS (KOHA) | |
| Source of classification or shelving scheme | Dewey Decimal Classification |
| Koha item type | Book - Borrowing |
| Withdrawn status | Lost status | Source of classification or shelving scheme | Damaged status | Not for loan | Collection code | Home library | Current library | Shelving location | Date acquired | Source of acquisition | Total Checkouts | Total Renewals | Full call number | Barcode | Date last seen | Date checked out | Price effective from | Koha item type |
|---|---|---|---|---|---|---|---|---|---|---|---|---|---|---|---|---|---|---|
| Dewey Decimal Classification | Alef-Baa | Central Library | Central Library | Second Floor | 21/07/2009 | 5 | 10 | 910.92 رؤي | 000017365 | 15/07/2025 | 19/11/2019 | 21/07/2009 | Book - Borrowing | |||||
| Dewey Decimal Classification | Alef-Baa | Central Library | Central Library | Second Floor | 22/07/2009 | 910.92 رؤي | 000017359 | 15/07/2025 | 22/07/2009 | NB - Book (Non borrowing) |